000
00290nam a22001217a 4500
020
_a
978-0935584899
041
_a
ENG
100
_a
Horwitz ,W.H
245
_a
Official Methods Of Analysis Of Aoac International
260
_a
Delhi
_b
Aoac
_c
2011
650
_a
APE
856
_u
APE (03 )
999
_c
1744
_d
1744